000
00312nam a22001217a 4500
020
_a
9788126542338
082
_a
660
_b
TUC/FO
245
_a
Food Biodeterioration and Preservation
260
_a
New Delhi
_b
Wiley India -Blackwell Publishing
_c
2013
300
_a
250
700
_a
Tucker,Gray S.
_9
1175
942
_c
BK
999
_c
14672
_d
14672